| 000 | 01459cam a2200301 a 4500 | ||
|---|---|---|---|
| 001 | 000006541 | ||
| 005 | 20200929153940.0 | ||
| 008 | 060424s1996 mx a 000 0 spa d | ||
| 020 | _a9682987342 | ||
| 040 |
_aDO-SdBNP _bspa _cBNPHU |
||
| 041 | 1 | 7 |
_aspa _hfre _2Código de idioma MARC |
| 082 |
_a917.265 _bW158v |
||
| 100 | 1 |
_aWaldeck, Jean Frederic Maximilien, _d1766-1875. _918165 |
|
| 240 | 1 | 0 |
_aViaje pintoresco y arqueológico a la provincia de Yucatán, 1834 y 1836 _lEspañol. |
| 245 | 1 | 0 |
_aViaje pintoresco y arqueológico a la provincia de Yucatán, 1834 y 1836 / _cFederico de Waldeck ; traducción Manuel Mestre Ghigliazza ; presentación Hernán Menéndez Rodríguez. |
| 260 |
_aMéxico, D. F. : _bConsejo Nacional para la Cultura y las Artes, _c1996. |
||
| 300 |
_a270 p. : _bil. ; _c24 cm. |
||
| 490 | 1 | _aMirada viajera | |
| 500 | _aIncluye datos biográficos del autor en la contraportada del documento. | ||
| 504 | _aIncluye notas y referencias bibliográficas al pie de las páginas. | ||
| 534 |
_aTítulo en francés : _tVoyage pittoresque et archéorlogique dans la province d´ Yucatán (América Centrale) pendant les années 1834 et 1836. |
||
| 651 | 4 |
_aYucatán (México{Rpara} _xDescripciones Y Viajes _918166 |
|
| 651 | 4 |
_aYucatán (México{Rpara} _xAntiguedades _918167 |
|
| 700 | 1 |
_aMestre Ghigliazza, Manuel, _d1870- _etr. _918168 |
|
| 830 | 0 |
_aMirada viajera _911996 |
|
| 910 | _aCatalogación por copia / LC | ||
| 049 | _aBNGR | ||
| 999 |
_c6332 _d6332 |
||